Statistics for Win the "President of the European Council" elections

Click here to take the quiz!

General Stats

  • This quiz has been taken 1,375 times
    (1,372 since last reset)
  • The average score is 317 of 445

Answers on the Map

Answers color-coded by a green-red scale on the quiz's map according to % correct below.
 

Answer Stats

#Country% Correct
66France
95%
82Germany
95%
46Spain
91%
61Italy
87%
38Poland
82%
10Sweden
65%
20Romania
58%
17Netherlands
47%
10Portugal
39%
11Greece
38%
5Finland
37%
5Ireland
34%
12Belgium
29%
9Austria
26%
10Czechia
20%
6Denmark
19%
10Hungary
17%
7Bulgaria
16%
1Estonia
9%
4Croatia
7%
2Latvia
6%
3Lithuania
5%
5Slovakia
5%
1Luxembourg
3%
1Malta
3%
2Slovenia
2%
1Cyprus
1%

Score Distribution

Percentile by Number Answered

Percent of People with Each Score

Your Score History

You have not taken this quiz since the last reset